Cryptography and network security : (Record no. 7059)
[ view plain ]
| 000 -LEADER | |
|---|---|
| fixed length control field | 01487cam a22002057a 4500 |
| 020 ## - INTERNATIONAL STANDARD BOOK NUMBER | |
| ISBN | 0131873164 |
| 050 00 - CALL NUMBER | |
| Classification number | TK5105.59 |
| Item number | .S713 |
| 100 1# - AUTHOR | |
| Personal name | Stallings, William. |
| 245 10 - TITLE | |
| Title | Cryptography and network security : |
| Remainder of title | principles and practice / |
| Statement of responsibility, etc | William Stallings. |
| 250 ## - EDITION | |
| Edition statement | 4th ed. |
| 260 ## - PUBLICATION INFORMATION | |
| Place of publication | Upper Saddle River, N.J. : |
| Name of publisher | Pearson/Prentice Hall, |
| Year of publication | c2006. |
| 300 ## - DESCRIPTION | |
| Number of Pages | xvi, 680 p. : |
| Other physical details | ill. ; |
| Dimensions | 24 cm. |
| 500 ## - NOTES | |
| General note | Includes index |
| 505 ## - FORMATTED CONTENTS NOTE | |
| Table of Content | C.1 - Introduction <br/>pt.1- Symmetric ciphers. <br/>C.2 Classical encryption techniques --<br/>C.3 Block ciphers and the data encryption standard --<br/>C.4 Finite fields --<br/>C.5 Advanced encryption standard --<br/>C.6 More on symmetric ciphers --<br/>C. Confidentiality using symmetric encryption --<br/>pt. 2: Public-key encryption and hash functions. <br/>C.8 Introduction to number theory --<br/>C.9 Public-key cryptography and RSA --<br/>C.10 Key management: other public-key cryptosystems --<br/>C.11 Message authentication and hash functions --<br/>C.12 Hash and MAC algorithms --<br/>C.13 Digital signatures and authentication protocols --<br/>pt. 3: Network security applications. <br/>C.14 Authentication applications --<br/>C.15 Electronic mail security --<br/>C.16 IP security --<br/>C.17 Web security --<br/>pt. 4: System security. <br/>C.18 Intruders --<br/>C.19 Malicious software --<br/>C.20 Firewalls - |
| 650 #0 - SUBJECTS | |
| Topical Term | Computer networks |
| General subdivision | Security measures. |
| 650 #0 - SUBJECTS | |
| Topical Term | Data encryption (Computer science) |
| 650 #0 - SUBJECTS | |
| Topical Term | Coding theory. |
| 650 #0 - SUBJECTS | |
| Topical Term | Computer security. |
| 942 ## - ADDED ENTRY ELEMENTS (KOHA) | |
| Koha item type | Books |
| Withdrawn status | Lost status | Collection code | Home library | Current library | Shelving location | Date acquired | Full call number | Accession Number | Koha item type |
|---|---|---|---|---|---|---|---|---|---|
| Reference | Methodist University Library Main | Methodist University Library Main | General Stacks | TK5105.59 .S713 | 27910 | Books |